Responses for Show #7235 - Friday, February 12, 2016

2016 College Championship final game 2.

Contestants

[<< previous game]

Sam Deutsch, a junior at the University of Southern California from Bethesda, Maryland (subtotal of $22,000)

Niki Peters, a sophomore at the University of California, Berkeley originally from Boise, Idaho (subtotal of $18,600)

Sarah Dubnik, a senior at the University of Pittsburgh from Jamison, Pennsylvania (subtotal of $22,001)

[next game >>]

Jeopardy! Round responses

YOU BUG ME
SPORTS RULES FILL IN THE BLANK
AROUND THE WHIRLED
(Alex: Notice the spelling of "whirled" there. We're dealing with anagrams here.)
DORM FOOD
SCI-FI BOOKS
COLORFUL WORDS & PHRASES
    $200 7
[Alex reads the blank as "blank".]
(Sam: What is a charge?)

foul

SarahSam
    $200 29
[The end-of-round signal sounds.]

New Zealand

Sam
    $200 17
Double Stuf

Sarah
    $200 1
Disney World

Sarah
    $200 23
(Alex: Less than a minute now.)

green

Sarah
    $400 28
ladybugs

Niki
    $400 6
[Alex reads the blank as "person".]

pitcher

Sam
    $400 27
maple leaf

Sam
    $400 16
cranberries

Sam
    $400 2
London

Sam
    $400 12
gray area

Sam
    $600 20
beetles

Niki
    $600 3
[Alex reads the blank as "this".]

incomplete

Triple Stumper
    $600 26
Indus River

Triple Stumper
    $600 13
Peter Pan

Sam
    $600 8
Redshirts

Niki
    $600 11
a blueprint

Sarah
    $1,200 19
a termite

Sarah
    $800 4
[Alex reads the blank as "what".]

doubleheader

Sam
    $800 25
Kilimanjaro

Sarah
    $800 14
Nature Valley

Niki
    $800 22
Joust

Triple Stumper
    $800 10
tickled pink

Niki
    $1000 18
a bumblebee

Triple Stumper
    $1000 5
[Alex reads the blank as "this many".]

24

Sam
    $1000 24
El Salvador

Niki
    $1000 15
Maruchan

Sam
    $1000 21
steampunk

Niki
    $1000 9
purple

Niki

Scores at the first commercial break (after clue 15):

Sarah Niki Sam
$1,000 $3,200 $4,400

Scores at the end of the Jeopardy! Round:

Sarah Niki Sam
$3,400 $6,200 $5,400

Double Jeopardy! Round responses

OMG!
LOL
FAQ
"ILY"
BTW
ACRONYMS
    $400 21
Mercury

Sarah
    $400 14
Cain

Sarah
    $400 1
Sicily

Sam
    $400 19
apples

Sarah
    $400 18
the Supreme Court of the United States

Niki
    $800 27
(Sarah: Who is Colbert?)

(Trevor) Noah

SarahSam
    $800 10
the Washington Monument

Sarah
    $800 2
scantily

Sarah
    $800 28
[The end-of-round signal sounds.]

the boat

Triple Stumper
    $800 9
light

Sam
    $1200 17
Isis

Niki
    $1200 26
Billy Eichner

Triple Stumper
    $1200 11
(George Bernard) Shaw

Sarah
    $1200 3
family

Niki
    $1200 25
the Cyclones

Sarah
    $1200 8
(Sam: What is Drug Addiction?)

Drug Abuse

SarahSam
    $1600 16
(Alex: Ah, the drunken god, [*].)

Bacchus

Triple Stumper
    $1600 23
(Alex: Less than a minute now.)

Silicon Valley

Sarah
    $7,400 12
(Alex: Take a guess.)
(Sarah: Uh... I--I don't know any.)

"I have not yet begun to fight."

Sarah
    $3,000 4
verily

Niki
    $1600 24
decibels

Sarah
    $1600 7
(Niki: Uh, what is the Women's Air Force Corps?)
(Sam: What is the Women Army Corps?)

the Women's Army Corps

NikiSam
Triple Stumper
    $2000 15
Poseidon

Triple Stumper
    $2000 22
The Last Man on Earth

Sam
    $2000 13
January 1961

Sam
    $2000 5
a homily

Niki
    $2000 20
arachnids

Niki
    $2000 6
Greece & Spain

Niki

Scores at the end of the Double Jeopardy! Round:

Sarah Niki Sam
$4,800 $16,400 $8,600

[wagering suggestions for these scores]

Final Jeopardy! Round responses

THE U.S. SENATE
(Alex: And, Sam Deutsch, congratulations to you and USC. You're the new Jeopardy! champion.)
[Loud cheers and applause]
(Alex: You will, of course, be receiving a check for $100,000 and the Jeopardy! College Championship trophy.)
SarahWho is To Obama?
$4,800
SamWho is Biden Byrd
$8,600
NikiWho is Byrd?
$3,350
Joe Biden

Final scores:

Sarah Niki Sam
$0 $13,050 $17,200

Cumulative scores:

Sarah Niki Sam
$22,001 $31,650 $39,200
2nd runner-up: $25,000 1st runner-up: $50,000 Tournament champion: $100,000 + a trophy

Game dynamics:

Coryat scores:

Sarah Niki Sam
$11,800 $15,000 $8,600
17 R
(including 1 DD),
2 W
(including 1 DD)
15 R
(including 1 DD),
1 W
15 R,
3 W

Combined Coryat: $35,400

[game clues] [game scores] [suggest correction]

Game tape date: 2016-01-06
The J! Archive is created by fans, for fans. Scraping, republication, monetization, and malicious use prohibited; this site may use cookies and collect identifying information. See terms. The Jeopardy! game show and all elements thereof, including but not limited to copyright and trademark thereto, are the property of Jeopardy Productions, Inc. and are protected under law. This website is not affiliated with, sponsored by, or operated by Jeopardy Productions, Inc. Join the discussion at JBoard.tv.